00331nam a2200121Ia 4500008004100000041000800041082001500049100002100064245004500085260003900130300003100169365000900200240624s9999 xx 000 0 und d aeng a364.15 BOL aBOLKOVAC KATHRYN aWHISTLEBLOWER SEX TRAFFICKING MILITARY C c2011aNew YorkbPalgrave Macmillan avii, : 240 : p. : cm. ; 23 cb50